[Event "DEM U18 2023"]
[Site "Willingen GER"]
[Date "2023.06.01"]
[Round "7"]
[White "Farokhi, Keyvan"]
[Black "Hommer, Jeremy"]
[Result "1/2-1/2"]
[Termination "normal"]
[Board "3"]
[WhiteTitle "FM"]
[WhiteElo "2266"]
[BlackElo "2313"]
[WhiteClock "00:23:55"]
[BlackClock "00:32:23"]
[PlyCount "93"]
[WhiteFideId "12998630"]
[BlackFideId "12992577"]
[EventCountry "GER"]
[EventRounds "9"]
[EventType "swiss"]
[EventDate "2023.05.27"]

1. d4 {[%clk 01:30:48]} {[%emt 00:00:12]} Nf6 {[%clk 01:30:45]} {[%emt
00:00:20]} 2. c4 {[%clk 01:31:09]} {[%emt 00:00:02]} e6 {[%clk 01:31:09]}
{[%emt 00:00:07]} 3. Nf3 {[%clk 01:31:32]} d5 {[%clk 01:31:24]} {[%emt
00:00:23]} 4. Nc3 {[%clk 01:30:03]} Be7 {[%clk 01:31:47]} {[%emt 00:02:06]} 5.
Bf4 {[%clk 01:29:43]} O-O {[%clk 01:29:13]} {[%emt 00:03:52]} 6. e3 {[%clk
01:28:14]} {[%emt 00:01:58]} c5 {[%clk 01:26:14]} {[%emt 00:03:32]} 7. dxc5
{[%clk 01:25:52]} {[%emt 00:02:52]} Bxc5 {[%clk 01:22:46]} {[%emt 00:03:58]} 8.
Qc2 {[%clk 01:24:10]} {[%emt 00:02:10]} Nc6 {[%clk 01:18:57]} {[%emt 00:04:20]}
9. a3 {[%clk 01:22:38]} {[%emt 00:02:01]} Bd6 {[%clk 01:05:49]} {[%emt
00:13:39]} 10. Bxd6 {[%clk 01:12:36]} {[%emt 00:10:31]} Qxd6 {[%clk 01:06:09]}
{[%emt 00:00:10]} 11. Rd1 {[%clk 01:12:58]} {[%emt 00:00:08]} Rd8 {[%clk
01:06:01]} {[%emt 00:00:39]} 12. Be2 {[%clk 01:09:51]} {[%emt 00:03:36]} Qe7
{[%clk 01:05:11]} {[%emt 00:01:21]} 13. cxd5 {[%clk 01:07:11]} {[%emt
00:03:09]} exd5 {[%clk 01:03:40]} {[%emt 00:02:02]} 14. O-O {[%clk 01:06:12]}
{[%emt 00:01:28]} Be6 {[%clk 01:03:39]} {[%emt 00:00:32]} 15. Qa4 {[%clk
00:51:34]} {[%emt 00:15:08]} a6 {[%clk 01:02:39]} {[%emt 00:01:31]} 16. Nd4
{[%clk 00:48:49]} {[%emt 00:03:14]} Ne5 {[%clk 00:58:23]} {[%emt 00:04:45]} 17.
Qb4 {[%clk 00:44:04]} {[%emt 00:05:15]} Qxb4 {[%clk 00:54:08]} {[%emt
00:04:46]} 18. axb4 {[%clk 00:44:30]} {[%emt 00:00:04]} Nc6 {[%clk 00:52:49]}
{[%emt 00:01:47]} 19. b5 {[%clk 00:26:57]} {[%emt 00:18:04]} axb5 {[%clk
00:51:40]} {[%emt 00:01:41]} 20. Ndxb5 {[%clk 00:26:31]} {[%emt 00:00:55]} Kf8
{[%clk 00:50:47]} {[%emt 00:01:22]} 21. h3 {[%clk 00:24:55]} {[%emt 00:02:05]}
h5 {[%clk 00:48:34]} {[%emt 00:02:44]} 22. f4 {[%clk 00:22:05]} {[%emt
00:03:19]} Ne7 {[%clk 00:26:32]} {[%emt 00:22:33]} 23. Nd4 {[%clk 00:20:25]}
{[%emt 00:02:10]} Nf5 {[%clk 00:24:30]} {[%emt 00:02:32]} 24. Nxf5 {[%clk
00:20:36]} {[%emt 00:00:19]} Bxf5 {[%clk 00:24:54]} {[%emt 00:00:07]} 25. Bf3
{[%clk 00:20:04]} {[%emt 00:01:00]} Be4 {[%clk 00:24:50]} {[%emt 00:00:35]} 26.
Rd4 {[%clk 00:19:54]} {[%emt 00:00:39]} Bxf3 {[%clk 00:23:40]} {[%emt
00:01:42]} 27. gxf3 {[%clk 00:19:53]} {[%emt 00:00:30]} Rd7 {[%clk 00:19:42]}
{[%emt 00:04:28]} 28. Rfd1 {[%clk 00:17:54]} {[%emt 00:02:29]} Rad8 {[%clk
00:19:35]} {[%emt 00:00:37]} 29. Kf2 {[%clk 00:17:25]} {[%emt 00:00:58]} g6
{[%clk 00:18:53]} {[%emt 00:01:13]} 30. Rb4 {[%clk 00:17:12]} {[%emt 00:00:42]}
Ng8 {[%clk 00:09:48]} {[%emt 00:09:36]} 31. Rdd4 {[%clk 00:12:49]} {[%emt
00:04:53]} Ne7 {[%clk 00:09:04]} {[%emt 00:01:14]} 32. Rb5 {[%clk 00:13:10]}
{[%emt 00:00:08]} Kg7 {[%clk 00:07:47]} {[%emt 00:01:48]} 33. Na4 {[%clk
00:08:23]} {[%emt 00:05:18]} Nc6 {[%clk 00:05:30]} {[%emt 00:02:46]} 34. Rd2
{[%clk 00:08:10]} {[%emt 00:00:41]} d4 {[%clk 00:05:50]} {[%emt 00:00:12]} 35.
e4 {[%clk 00:08:23]} {[%emt 00:00:16]} Rc7 {[%clk 00:04:22]} {[%emt 00:01:58]}
36. Nc5 {[%clk 00:07:23]} {[%emt 00:01:30]} Rb8 {[%clk 00:04:51]} {[%emt
00:00:02]} 37. Nb3 {[%clk 00:06:52]} {[%emt 00:01:00]} Rd7 {[%clk 00:04:00]}
{[%emt 00:01:22]} 38. Na5 {[%clk 00:04:19]} {[%emt 00:03:02]} Nxa5 39. Rxa5
{[%clk 00:04:48]} Rc8 {[%clk 00:03:25]} {[%emt 00:00:32]} 40. Ra4 {[%clk
00:05:00]} {[%emt 00:00:18]} Rc1 {[%clk 00:03:35]} {[%emt 00:00:20]} 41. Raxd4
{[%clk 00:01:57]} {[%emt 00:03:32]} Rxd4 {[%clk 00:03:27]} {[%emt 00:00:38]}
42. Rxd4 {[%clk 00:02:25]} {[%emt 00:00:02]} Rc2+ {[%clk 00:03:53]} {[%emt
00:00:05]} 43. Kg3 {[%clk 00:02:46]} {[%emt 00:00:09]} Rxb2 {[%clk 00:04:15]}
{[%emt 00:00:09]} 44. e5 {[%clk 00:00:50]} {[%emt 00:02:25]} Kf8 {[%clk
00:02:16]} {[%emt 00:02:30]} 45. Rd7 {[%clk 00:29:28]} {[%emt 00:01:51]} Ke8
{[%clk 00:31:57]} {[%emt 00:00:50]} 46. Rc7 {[%clk 00:29:44]} {[%emt 00:00:13]}
Rb4 {[%clk 00:32:23]} {[%emt 00:00:06]} 47. h4 {[%clk 00:23:55]} {[%emt
00:06:19]} 1/2-1/2

[Event "DEM U18 2023"]
[Site "Willingen GER"]
[Date "2023.06.01"]
[Round "7"]
[White "Gallasch, Jonas"]
[Black "Bornholdt, Joa Max"]
[Result "1-0"]
[Termination "normal"]
[Board "4"]
[WhiteTitle "FM"]
[BlackTitle "FM"]
[WhiteElo "2296"]
[BlackElo "2250"]
[WhiteClock "00:40:33"]
[BlackClock "00:38:14"]
[PlyCount "65"]
[WhiteFideId "16222474"]
[BlackFideId "16253477"]
[EventCountry "GER"]
[EventRounds "9"]
[EventType "swiss"]
[EventDate "2023.05.27"]

1. d4 {[%clk 01:30:58]} {[%emt 00:00:02]} d5 {[%clk 01:30:47]} {[%emt
00:00:14]} 2. Nf3 {[%clk 01:31:23]} {[%emt 00:00:05]} Nf6 {[%clk 01:31:08]}
{[%emt 00:00:08]} 3. g3 {[%clk 01:31:48]} {[%emt 00:00:08]} e6 {[%clk
01:31:30]} {[%emt 00:00:05]} 4. Bg2 {[%clk 01:32:13]} {[%emt 00:00:06]} Be7
{[%clk 01:31:32]} {[%emt 00:00:27]} 5. O-O {[%clk 01:32:32]} {[%emt 00:00:11]}
O-O {[%clk 01:31:48]} {[%emt 00:00:14]} 6. c4 {[%clk 01:32:55]} {[%emt
00:00:08]} dxc4 {[%clk 01:31:26]} {[%emt 00:00:53]} 7. Na3 {[%clk 01:32:49]}
{[%emt 00:00:35]} Bxa3 {[%clk 01:30:59]} {[%emt 00:00:58]} 8. bxa3 {[%clk
01:33:04]} {[%emt 00:00:16]} b5 {[%clk 01:30:06]} {[%emt 00:01:21]} 9. a4
{[%clk 01:33:30]} {[%emt 00:00:05]} a6 {[%clk 01:29:09]} {[%emt 00:01:26]} 10.
Ba3 {[%clk 01:33:46]} {[%emt 00:00:14]} Re8 {[%clk 01:29:31]} {[%emt 00:00:09]}
11. Ne5 {[%clk 01:34:10]} {[%emt 00:00:06]} Nd5 {[%clk 01:28:57]} {[%emt
00:01:04]} 12. e4 {[%clk 01:34:31]} {[%emt 00:00:09]} Ne7 {[%clk 01:23:17]}
{[%emt 00:06:09]} 13. Qh5 {[%clk 01:23:40]} {[%emt 00:11:21]} Ng6 {[%clk
01:08:51]} {[%emt 00:14:56]} 14. Rad1 {[%clk 01:23:38]} {[%emt 00:00:32]} Nd7
{[%clk 00:55:55]} {[%emt 00:13:26]} 15. Nc6 {[%clk 01:22:23]} {[%emt 00:01:45]}
Nf6 {[%clk 00:54:36]} {[%emt 00:01:48]} 16. Nxd8 {[%clk 01:22:04]} {[%emt
00:00:49]} Nxh5 {[%clk 00:55:04]} {[%emt 00:00:02]} 17. e5 {[%clk 01:22:23]}
{[%emt 00:00:11]} Rxd8 {[%clk 00:53:28]} {[%emt 00:02:06]} 18. Bxa8 {[%clk
01:21:55]} {[%emt 00:00:59]} Nf8 {[%clk 00:53:33]} {[%emt 00:00:26]} 19. Bc6
{[%clk 00:52:00]} {[%emt 00:30:23]} Nd7 {[%clk 00:47:48]} {[%emt 00:06:13]} 20.
axb5 {[%clk 00:50:59]} {[%emt 00:01:34]} Nb6 {[%clk 00:46:06]} {[%emt
00:02:11]} 21. Be7 {[%clk 00:48:54]} {[%emt 00:02:35]} Rd5 {[%clk 00:46:31]}
{[%emt 00:00:06]} 22. Bxd5 {[%clk 00:48:45]} {[%emt 00:00:39]} Nxd5 {[%clk
00:46:49]} {[%emt 00:00:11]} 23. bxa6 {[%clk 00:46:54]} {[%emt 00:02:22]} Bxa6
{[%clk 00:47:13]} {[%emt 00:00:05]} 24. Bc5 {[%clk 00:46:11]} {[%emt 00:01:12]}
g5 {[%clk 00:46:51]} {[%emt 00:00:53]} 25. f3 {[%clk 00:44:21]} {[%emt
00:02:20]} c3 {[%clk 00:41:51]} {[%emt 00:05:30]} 26. Rf2 {[%clk 00:42:05]}
{[%emt 00:02:46]} Kg7 {[%clk 00:41:55]} {[%emt 00:00:26]} 27. Rc1 {[%clk
00:41:15]} {[%emt 00:01:20]} Bd3 {[%clk 00:39:53]} {[%emt 00:02:31]} 28. a3
{[%clk 00:40:17]} {[%emt 00:01:28]} f6 {[%clk 00:38:56]} {[%emt 00:01:27]} 29.
Bb4 {[%clk 00:40:29]} {[%emt 00:00:18]} c2 {[%clk 00:39:22]} {[%emt 00:00:04]}
30. Rfxc2 {[%clk 00:40:20]} {[%emt 00:00:39]} Bxc2 {[%clk 00:39:14]} {[%emt
00:00:38]} 31. Rxc2 {[%clk 00:40:43]} {[%emt 00:00:07]} Kg6 {[%clk 00:39:11]}
{[%emt 00:00:33]} 32. Bd2 {[%clk 00:40:28]} {[%emt 00:00:45]} Ng7 {[%clk
00:38:14]} {[%emt 00:01:27]} 33. g4 {[%clk 00:40:33]} {[%emt 00:00:26]} 1-0

[Event "DEM U18 2023"]
[Site "Willingen GER"]
[Date "2023.06.01"]
[Round "7"]
[White "Chassard, Cedric"]
[Black "Haack, Kevin"]
[Result "1/2-1/2"]
[Termination "normal"]
[Board "5"]
[BlackTitle "FM"]
[WhiteElo "2041"]
[BlackElo "2303"]
[WhiteClock "00:13:48"]
[BlackClock "00:33:43"]
[PlyCount "108"]
[WhiteFideId "16243536"]
[BlackFideId "16228715"]
[EventCountry "GER"]
[EventRounds "9"]
[EventType "swiss"]
[EventDate "2023.05.27"]

1. e4 {[%clk 01:30:57]} c6 {[%clk 01:30:37]} {[%emt 00:00:23]} 2. d4 {[%clk
01:31:22]} {[%emt 00:00:06]} d5 {[%clk 01:30:59]} {[%emt 00:00:07]} 3. e5
{[%clk 01:31:46]} {[%emt 00:00:07]} Bf5 {[%clk 01:31:08]} {[%emt 00:00:21]} 4.
Nf3 {[%clk 01:32:08]} {[%emt 00:00:08]} e6 {[%clk 01:31:23]} {[%emt 00:00:19]}
5. Be2 {[%clk 01:32:32]} {[%emt 00:00:03]} Nd7 {[%clk 01:31:23]} {[%emt
00:00:30]} 6. O-O {[%clk 01:32:55]} {[%emt 00:00:06]} h6 {[%clk 01:31:39]}
{[%emt 00:00:14]} 7. Nbd2 {[%clk 01:33:21]} {[%emt 00:00:05]} Ne7 {[%clk
01:31:37]} {[%emt 00:00:32]} 8. Nb3 {[%clk 01:33:45]} {[%emt 00:00:06]} g5
{[%clk 01:31:38]} {[%emt 00:00:31]} 9. a4 {[%clk 01:34:10]} {[%emt 00:00:02]}
Qc7 {[%clk 01:31:28]} {[%emt 00:00:40]} 10. a5 {[%clk 01:32:21]} {[%emt
00:02:19]} Bg7 {[%clk 01:24:46]} {[%emt 00:07:12]} 11. Bd2 {[%clk 01:25:00]}
{[%emt 00:07:51]} c5 {[%clk 01:17:19]} {[%emt 00:07:56]} 12. Nxc5 {[%clk
01:07:12]} {[%emt 00:18:19]} Nxc5 {[%clk 01:16:03]} {[%emt 00:01:45]} 13. dxc5
{[%clk 01:07:36]} {[%emt 00:00:06]} g4 {[%clk 00:56:22]} {[%emt 00:20:13]} 14.
Nh4 {[%clk 01:03:23]} {[%emt 00:04:41]} Bxe5 {[%clk 00:55:17]} {[%emt
00:01:34]} 15. Bb5+ {[%clk 00:59:19]} {[%emt 00:04:34]} Kf8 {[%clk 00:51:23]}
{[%emt 00:04:25]} 16. Nxf5 {[%clk 00:58:29]} {[%emt 00:01:21]} exf5 {[%clk
00:47:34]} {[%emt 00:04:18]} 17. b4 {[%clk 00:55:36]} {[%emt 00:03:23]} Bxh2+
{[%clk 00:43:30]} {[%emt 00:04:34]} 18. Kh1 {[%clk 00:56:02]} {[%emt 00:00:04]}
Be5 {[%clk 00:42:17]} {[%emt 00:01:42]} 19. Ra3 {[%clk 00:54:38]} {[%emt
00:01:55]} a6 {[%clk 00:38:39]} {[%emt 00:04:09]} 20. Bd3 {[%clk 00:48:43]}
{[%emt 00:06:24]} Qc6 {[%clk 00:37:21]} {[%emt 00:01:47]} 21. f4 {[%clk
00:44:30]} {[%emt 00:04:43]} Bg7 {[%clk 00:32:51]} {[%emt 00:05:01]} 22. c4
{[%clk 00:42:36]} {[%emt 00:02:24]} Qg6 {[%clk 00:30:58]} {[%emt 00:02:23]} 23.
Bc2 {[%clk 00:38:28]} {[%emt 00:04:38]} d4 {[%clk 00:28:27]} {[%emt 00:03:01]}
24. Re1 {[%clk 00:35:08]} {[%emt 00:03:50]} h5 {[%clk 00:27:55]} {[%emt
00:01:02]} 25. b5 {[%clk 00:33:15]} {[%emt 00:02:24]} h4 {[%clk 00:26:16]}
{[%emt 00:02:08]} 26. c6 {[%clk 00:29:56]} {[%emt 00:03:49]} bxc6 {[%clk
00:22:05]} {[%emt 00:04:41]} 27. Bb4 {[%clk 00:29:18]} {[%emt 00:01:08]} Bf6
{[%clk 00:22:05]} {[%emt 00:00:30]} 28. Bxe7+ {[%clk 00:24:55]} {[%emt
00:04:53]} Bxe7 {[%clk 00:22:26]} {[%emt 00:00:09]} 29. Qxd4 {[%clk 00:24:59]}
{[%emt 00:00:27]} Rh6 {[%clk 00:18:44]} {[%emt 00:04:12]} 30. Rae3 {[%clk
00:23:46]} {[%emt 00:01:42]} Bb4 {[%clk 00:17:22]} {[%emt 00:01:51]} 31. Rb1
{[%clk 00:22:04]} {[%emt 00:02:13]} Qd6 {[%clk 00:10:55]} {[%emt 00:06:57]} 32.
Qxd6+ {[%clk 00:20:40]} {[%emt 00:01:55]} Bxd6 {[%clk 00:11:23]} {[%emt
00:00:02]} 33. Bxf5 {[%clk 00:20:47]} {[%emt 00:00:23]} axb5 {[%clk 00:10:53]}
{[%emt 00:01:00]} 34. cxb5 {[%clk 00:20:50]} {[%emt 00:00:27]} cxb5 {[%clk
00:11:12]} {[%emt 00:00:11]} 35. Rxb5 {[%clk 00:08:37]} {[%emt 00:12:44]} Bxf4
{[%clk 00:06:55]} {[%emt 00:04:46]} 36. Re4 {[%clk 00:07:54]} {[%emt 00:01:13]}
Bc7 {[%clk 00:06:06]} {[%emt 00:01:20]} 37. Bxg4 {[%clk 00:07:57]} {[%emt
00:00:26]} Rxa5 {[%clk 00:06:03]} {[%emt 00:00:34]} 38. Rxa5 {[%clk 00:08:23]}
{[%emt 00:00:04]} Bxa5 {[%clk 00:06:29]} {[%emt 00:00:04]} 39. Bf3 {[%clk
00:07:32]} {[%emt 00:01:22]} Bc7 {[%clk 00:06:43]} {[%emt 00:00:15]} 40. Kg1
{[%clk 00:07:11]} {[%emt 00:00:51]} Bg3 {[%clk 00:06:40]} {[%emt 00:00:34]} 41.
Kf1 {[%clk 00:04:38]} {[%emt 00:03:04]} Rb6 {[%clk 00:06:53]} {[%emt 00:00:17]}
42. Ke2 {[%clk 00:02:05]} {[%emt 00:03:02]} Rb3 {[%clk 00:07:10]} {[%emt
00:00:13]} 43. Rd4 {[%clk 00:01:56]} {[%emt 00:00:37]} Ke7 {[%clk 00:07:04]}
{[%emt 00:00:37]} 44. Rd3 {[%clk 00:02:16]} {[%emt 00:00:12]} Rb4 {[%clk
00:07:18]} {[%emt 00:00:16]} 45. Rd2 {[%clk 00:01:50]} {[%emt 00:00:55]} Kf6
{[%clk 00:07:32]} {[%emt 00:00:17]} 46. Ra2 {[%clk 00:01:53]} {[%emt 00:00:26]}
Kg5 {[%clk 00:07:41]} {[%emt 00:00:21]} 47. Rd2 {[%clk 00:29:00]} {[%emt
00:03:20]} f6 {[%clk 00:38:01]} {[%emt 00:00:14]} 48. Rd5+ {[%clk 00:29:20]}
{[%emt 00:00:10]} Be5 {[%clk 00:38:18]} {[%emt 00:00:13]} 49. Rd2 {[%clk
00:27:25]} {[%emt 00:02:24]} Kf4 {[%clk 00:38:12]} {[%emt 00:00:37]} 50. Bd5
{[%clk 00:26:42]} {[%emt 00:01:13]} Kg3 {[%clk 00:38:01]} {[%emt 00:00:41]} 51.
Ra2 {[%clk 00:16:14]} {[%emt 00:10:58]} Rd4 {[%clk 00:36:27]} {[%emt 00:02:04]}
52. Bc6 {[%clk 00:16:17]} {[%emt 00:00:25]} Rf4 {[%clk 00:35:40]} {[%emt
00:01:19]} 53. Ra3+ {[%clk 00:14:03]} {[%emt 00:02:44]} Kg4 {[%clk 00:33:43]}
{[%emt 00:02:27]} 54. Ra4 {[%clk 00:13:48]} {[%emt 00:00:42]} Rxa4 {[%emt
00:00:16]} 1/2-1/2

[Event "DEM U18 2023"]
[Site "Willingen GER"]
[Date "2023.06.01"]
[Round "7"]
[White "Pubantz, Jan"]
[Black "Spriestersbach, Kai"]
[Result "1/2-1/2"]
[Termination "normal"]
[Board "6"]
[WhiteElo "2332"]
[BlackElo "2230"]
[WhiteClock "00:11:01"]
[BlackClock "00:31:26"]
[PlyCount "57"]
[WhiteFideId "12996114"]
[BlackFideId "16269985"]
[EventCountry "GER"]
[EventRounds "9"]
[EventType "swiss"]
[EventDate "2023.05.27"]

1. d4 {[%clk 01:30:59]} {[%emt 00:00:01]} Nf6 {[%clk 01:30:53]} {[%emt
00:00:08]} 2. c4 {[%clk 01:31:25]} {[%emt 00:00:04]} g6 {[%clk 01:31:18]}
{[%emt 00:00:05]} 3. Nc3 {[%clk 01:31:51]} {[%emt 00:00:04]} Bg7 {[%clk
01:31:43]} {[%emt 00:00:05]} 4. e4 {[%clk 01:32:15]} {[%emt 00:00:07]} d6
{[%clk 01:32:09]} {[%emt 00:00:03]} 5. Be2 {[%clk 01:32:31]} {[%emt 00:00:14]}
O-O {[%clk 01:32:32]} {[%emt 00:00:07]} 6. Nf3 {[%clk 01:32:56]} {[%emt
00:00:05]} e5 {[%clk 01:32:46]} {[%emt 00:00:15]} 7. Be3 {[%clk 01:33:19]}
{[%emt 00:00:07]} Ng4 {[%clk 01:33:06]} {[%emt 00:00:09]} 8. Bg5 {[%clk
01:33:41]} {[%emt 00:00:08]} f6 {[%clk 01:33:25]} {[%emt 00:00:11]} 9. Bc1
{[%clk 01:34:05]} {[%emt 00:00:11]} exd4 {[%clk 01:33:42]} {[%emt 00:00:08]}
10. Nxd4 {[%clk 01:34:20]} {[%emt 00:00:16]} f5 {[%clk 01:34:06]} {[%emt
00:00:05]} 11. h3 {[%clk 01:34:00]} {[%emt 00:00:49]} Nh6 {[%clk 01:33:51]}
{[%emt 00:00:48]} 12. Bxh6 {[%clk 01:34:16]} {[%emt 00:00:12]} Bxh6 {[%clk
01:34:16]} {[%emt 00:00:05]} 13. exf5 {[%clk 01:34:35]} {[%emt 00:00:12]} Bxf5
{[%clk 01:33:00]} {[%emt 00:01:45]} 14. Nxf5 {[%clk 01:34:11]} {[%emt
00:00:54]} Rxf5 {[%clk 01:33:08]} {[%emt 00:00:21]} 15. O-O {[%clk 01:34:11]}
{[%emt 00:00:31]} Nc6 {[%clk 01:19:44]} {[%emt 00:13:53]} 16. Bg4 {[%clk
01:24:50]} {[%emt 00:09:51]} Rf8 {[%clk 01:12:16]} {[%emt 00:07:58]} 17. Nd5
{[%clk 00:53:35]} {[%emt 00:31:46]} Bg7 {[%clk 01:01:25]} {[%emt 00:11:21]} 18.
Qd2 {[%clk 00:52:11]} {[%emt 00:01:54]} Kh8 {[%clk 00:52:27]} {[%emt 00:09:28]}
19. Rad1 {[%clk 00:46:03]} {[%emt 00:06:38]} Ne5 {[%clk 00:42:02]} {[%emt
00:10:56]} 20. Be2 {[%clk 00:45:36]} {[%emt 00:00:56]} c6 {[%clk 00:39:43]}
{[%emt 00:02:49]} 21. Nc3 {[%clk 00:41:25]} {[%emt 00:04:42]} Nf7 {[%clk
00:36:34]} {[%emt 00:03:38]} 22. Bg4 {[%clk 00:31:30]} {[%emt 00:10:25]} Qf6
{[%clk 00:32:21]} {[%emt 00:04:43]} 23. Ne4 {[%clk 00:20:56]} {[%emt 00:11:04]}
Qxb2 {[%clk 00:31:22]} {[%emt 00:01:29]} 24. Qxb2 {[%clk 00:20:29]} {[%emt
00:00:57]} Bxb2 {[%clk 00:31:46]} {[%emt 00:00:07]} 25. Nxd6 {[%clk 00:19:32]}
{[%emt 00:01:27]} Nxd6 {[%clk 00:31:53]} {[%emt 00:00:23]} 26. Rxd6 {[%clk
00:19:48]} {[%emt 00:00:15]} Rad8 {[%clk 00:31:07]} {[%emt 00:01:15]} 27. Rfd1
{[%clk 00:15:48]} {[%emt 00:04:31]} Rxd6 {[%clk 00:31:18]} {[%emt 00:00:19]}
28. Rxd6 {[%clk 00:16:16]} {[%emt 00:00:02]} Rf7 {[%clk 00:31:26]} {[%emt
00:00:21]} 29. Kf1 {[%clk 00:11:01]} {[%emt 00:05:45]} 1/2-1/2

[Event "DEM U18 2023"]
[Site "Willingen GER"]
[Date "2023.06.01"]
[Round "7"]
[White "Müller, Magnus"]
[Black "Laux, Dominik"]
[Result "1/2-1/2"]
[Termination "normal"]
[Board "7"]
[BlackTitle "FM"]
[WhiteElo "2210"]
[BlackElo "2297"]
[WhiteClock "01:29:24"]
[BlackClock "01:15:59"]
[PlyCount "31"]
[WhiteFideId "16230060"]
[BlackFideId "12994219"]
[EventCountry "GER"]
[EventRounds "9"]
[EventType "swiss"]
[EventDate "2023.05.27"]

1. d4 {[%clk 01:30:57]} {[%emt 00:00:03]} d5 {[%clk 01:30:21]} {[%emt
00:00:40]} 2. c4 {[%clk 01:31:19]} {[%emt 00:00:07]} e6 {[%clk 01:30:14]}
{[%emt 00:00:37]} 3. Nf3 {[%clk 01:31:42]} {[%emt 00:00:07]} Nf6 {[%clk
01:30:05]} {[%emt 00:00:39]} 4. g3 {[%clk 01:30:38]} {[%emt 00:01:34]} dxc4
{[%clk 01:29:36]} {[%emt 00:00:59]} 5. Bg2 {[%clk 01:29:40]} {[%emt 00:01:28]}
c6 {[%clk 01:29:38]} {[%emt 00:00:29]} 6. O-O {[%clk 01:29:23]} {[%emt
00:00:46]} b5 {[%clk 01:29:38]} {[%emt 00:00:31]} 7. Ne5 {[%clk 01:29:25]}
{[%emt 00:00:27]} Bb7 {[%clk 01:29:53]} {[%emt 00:00:15]} 8. a4 {[%clk
01:29:49]} {[%emt 00:00:07]} a6 {[%clk 01:30:17]} {[%emt 00:00:06]} 9. b3
{[%clk 01:30:13]} {[%emt 00:00:05]} cxb3 {[%clk 01:30:43]} {[%emt 00:00:05]}
10. Qxb3 {[%clk 01:29:07]} {[%emt 00:01:36]} Qxd4 {[%clk 01:31:07]} {[%emt
00:00:06]} 11. Bb2 {[%clk 01:29:32]} {[%emt 00:00:04]} Qb4 {[%clk 01:31:34]}
{[%emt 00:00:03]} 12. Qc2 {[%clk 01:29:38]} {[%emt 00:00:24]} Qc5 {[%clk
01:31:45]} {[%emt 00:00:19]} 13. Qb3 {[%clk 01:29:59]} {[%emt 00:00:08]} Qb4
{[%clk 01:29:39]} {[%emt 00:02:37]} 14. Qc2 {[%clk 01:30:25]} {[%emt 00:00:04]}
Qc5 {[%clk 01:30:02]} {[%emt 00:00:06]} 15. Qb3 {[%clk 01:30:51]} {[%emt
00:00:04]} Qb4 {[%clk 01:15:59]} {[%emt 00:14:33]} 16. Qc2 {[%clk 01:29:24]}
{[%emt 00:01:54]} 1/2-1/2